000 00523cam a2200193 4500
001 5081
005 20181127174738.0
008 150305s2015 wau 000 0 eng
010 _a 2015935269
020 _a9788120351981
042 _apcc
100 1 _aFrye, Curtis.
245 1 0 _aMicrosoft excel 2016 step by step /
_cCurtis Frye.
264 1 _aDelhi :
_bPHI Learning Pvt. Ltd.,
_c2016.
300 _apages cm
336 _atext
_btxt
_2rdacontent
337 _aunmediated
_bn
_2rdamedia
338 _avolume
_bnc
_2rdacarrier
999 _c4246
_d4246